000 00562nam a2200181Ia 4500
008 151202s9999||||xx |||||||||||||| ||und||
082 _bPNVM-53414
100 _aवाळिंबे शरदचंद्र.
245 _aबदला.
260 _b"मनमोहिनी प्रकाशन,पुणे."
260 _c1985
300 _a184
600 _aवाळिंबे शरदचंद्र.
630 _aबदला.
700 _aवाळिंबे शरदचंद्र.
730 _aबदला.
942 _cBOOK
999 _c1319953
_d1319950